Kobe Bryant's All-Star Team Mates - Statistics

General Stats
  • This quiz has been taken 564 times
  • The average score is 7 of 22
Answer Stats
First All-Star Selection # of All-Stars Player % Correct
1993 15 Shaquille O'Neal
99%
2006 6 Pau Gasol
85%
1988 14 Karl Malone
64%
2007 8 Dwight Howard
63%
2002 8 Steve Nash
59%
1994 9 Gary Payton
57%
2012 1 Andrew Bynum
51%
2004 1 Metta World Peace
44%
1997 3 Eddie Jones
31%
1998 1 Nick Van Exel
28%
1994 1 Horace Grant
27%
1996 3 Glen Rice
25%
1990 1 A.C. Green
23%
2001 1 Vlade Divac
19%
1990 2 Dennis Rodman
14%
1993 6 Mitch Richmond
8%
2007 2 Carlos Boozer
6%
2005 2 Antawn Jamison
5%
2012 2 Roy Hibbert
4%
2010 1 Chris Kaman
3%
1995 1 Cedric Caballos
1%
2001 1 Theo Ratliff
1%
No matching quizzes found
Score Distribution
Percent of People with Each Score
Percentile by Number Answered
Your Score History
You have not taken this quiz